• 首页
  • 本馆介绍
  • 公告通知
  • 最新文献
  • 馆藏检索
  • 电子资源
  • 读者导购
  • 参考咨询
  • 我的图书馆
  • 登录
  • 详细信息显示
  • 放入我的书架
  • 预约/预借图书
  • 作者相关作品
  • 分类相关作品
  • 丛书相关作品
  • 出版社相关作品

书目信息

  • 表格格式
  • 工作单格式
  • 卡片格式
题名:
东亚构造与资源研究
    
 
作者: 乔斯马 , Jongsma , 巴伯 , Barber 编 ;徐志成 , 沈政威 , 顾云芳 译
分册:  
出版信息: 北京   地质出版社  1985
页数: 255页
开本: 26cm
丛书名:
单 册:
中图分类: P548.31
科图分类:
主题词: 大地构造学--东亚
电子资源:
ISBN:
000 01102nam0 2200349 45
001 0185010268
005 20040524083233.0
010    @dCNY4.00
091    @a13038新67
100    @a19900904d1985 emky0chiy0121 ea
101 1  @achi@ceng
102    @aCN@b110000
105    @ay z 001yy
106    @ar
200 10 @a东亚构造与资源研究@Adong ya gou zao yu zi yuan yan jiu@f( )乔斯马(Jongsma,D.),( )巴伯(Barber,A.J.)编@g徐志成等译
210    @a北京@c地质出版社@d1985
215    @a255页@d26cm
300    @a书名原文: Studies in east asian tectonics and resources.
300    @a根据1981年英文版译出
510 1  @aStudies in east asian tectonics and resources@zeng
606    @a大地构造学@y东亚
690    @aP548.31@v3
701  1 @a乔斯马@Aqiao si ma@bD.@4编
701 A1 @aJongsma@bD.@4编
701  1 @a巴伯@Aba bo@bA.J.@4编
701 A1 @aBarber@bA.J.@4编
702  0 @a徐志成@Axu zhi cheng@4译
702  0 @a沈政威@Ashen zheng wei@4译
702  0 @a顾云芳@Agu yun fang@4译
801  0 @aCN@b深圳图书馆@c20040524
801  2 @aCN@bNLC@c20040524
905    @f2@b257646-647@dP548.31@e55
    
    东亚构造与资源研究/( )乔斯马(Jongsma,D.),( )巴伯(Barber,A.J.)编/徐志成等译.-北京:地质出版社,1985
    255页;26cm
    书名原文: Studies in east asian tectonics and resources.-根据1981年英文版译出
    
    ISBN :CNY4.00
    
●
相关链接 在E读中查询图书 在五车中查询图书 在当当中查询图书 在豆瓣中查询图书


正题名:东亚构造与资源研究     索取号:P548.31/55         预约/预借

序号 登录号 条形码 馆藏地/架位号 状态 备注
1 0257645   000073413   第二样本阅览室/ [索取号:P548.31/55] 在馆    
2 0257646   000073404   第三借阅区/ [索取号:P548.31/55] 在馆    
3 0257647   000073397   第三借阅区/ [索取号:P548.31/55] 在馆    
唐山师范学院图书馆 欢迎您!
大连网信软件有限公司© 版权所有